000 00244nam a2200085Ia 4500
245 0 _aChildren of paradise
100 _a Mzamane, Mbulelo, Scottsville, South Africa, 2011
_947911
942 _cBK
008 210817s9999 xx 000 0 und d
999 _c259056
_d259054